|
|
|
|
| LEADER |
01797nam a22004095i 4500 |
| 001 |
978-1-56898-640-1 |
| 003 |
DE-He213 |
| 005 |
20151204150429.0 |
| 007 |
cr nn 008mamaa |
| 008 |
120305s2005 xxu| s |||| 0|eng d |
| 020 |
|
|
|a 9781568986401
|9 978-1-56898-640-1
|
| 024 |
7 |
|
|a 10.1007/1-56898-640-8
|2 doi
|
| 040 |
|
|
|d GrThAP
|
| 050 |
|
4 |
|a NA1995
|
| 072 |
|
7 |
|a AMB
|2 bicssc
|
| 072 |
|
7 |
|a ARC006000
|2 bisacsh
|
| 082 |
0 |
4 |
|a 720
|2 23
|
| 100 |
1 |
|
|a Fischer, Thomas.
|e author.
|
| 245 |
1 |
0 |
|a Julie Snow Architects
|h [electronic resource] /
|c by Thomas Fischer, Janet Abrams.
|
| 264 |
|
1 |
|a New York, NY :
|b Princeton Archit.Press,
|c 2005.
|
| 300 |
|
|
|a 125 illus. in color.
|b online resource.
|
| 336 |
|
|
|a text
|b txt
|2 rdacontent
|
| 337 |
|
|
|a computer
|b c
|2 rdamedia
|
| 338 |
|
|
|a online resource
|b cr
|2 rdacarrier
|
| 347 |
|
|
|a text file
|b PDF
|2 rda
|
| 505 |
0 |
|
|a Julie Snow: The Rugged and the Refined -- Chronology -- Selected Bibliography -- Studio Members -- Selected Projects -- Short Run Production -- Origen Center -- QMR Production -- Product Engineering -- Fifth Precinct Station -- Jerstad Center The Good Samaritan Society -- Great Plains Software -- Koehler House -- Light Rail Transit Stations -- School of Business University of South Dakota -- SecurePet ID Collar -- Midtown Greenway Bridges -- Telematic Table Walker Art Center -- Humboldt Mill.
|
| 650 |
|
0 |
|a Architecture.
|
| 650 |
|
0 |
|a Architects.
|
| 650 |
1 |
4 |
|a Architecture / Design.
|
| 650 |
2 |
4 |
|a Architects.
|
| 700 |
1 |
|
|a Abrams, Janet.
|e author.
|
| 710 |
2 |
|
|a SpringerLink (Online service)
|
| 773 |
0 |
|
|t Springer eBooks
|
| 776 |
0 |
8 |
|i Printed edition:
|z 9781568984872
|
| 856 |
4 |
0 |
|u http://dx.doi.org/10.1007/1-56898-640-8
|z Full Text via HEAL-Link
|
| 912 |
|
|
|a ZDB-2-ADE
|
| 950 |
|
|
|a Architecture and Design (Springer-11641)
|